| 000 | 01829nam a2200253Ia 4500 | ||
|---|---|---|---|
| 008 | 260220t1963||||xx |||||||||||||| ||spa|| | ||
| 040 |
_aPY-SlUNAC _bspa _erda |
||
| 041 | _aspa | ||
| 082 |
_a634.304 _bG589c |
||
| 100 |
_aGonzález Sicilia, Juan Eusebio _eAutor |
||
| 245 | 0 |
_aEl cultivo de los agrios / _cpor Juan Eusebio González Sicilia [Autor] |
|
| 250 | _aSegunda edición | ||
| 264 |
_aMadrid : _bInstituto Nacional de Investigación Agronómica, _c℗1963. |
||
| 300 | _a1 volumen | ||
| 520 | _aEl libro "El cultivo de los agrios" de Juan Eusebio González Sicilia, publicado en 1963 por el Instituto Nacional de Investigación Agronómica, es una obra fundamental que aborda las técnicas y prácticas relacionadas con el cultivo de cítricos. A lo largo de sus capítulos, el autor detalla las condiciones climáticas, edáficas y agronómicas necesarias para el desarrollo óptimo de estas plantas, así como las variedades más adecuadas para distintas regiones. Además, se discuten aspectos relacionados con la propagación, el manejo del riego, la fertilización y el control de plagas y enfermedades. González Sicilia también enfatiza la importancia de la investigación científica en la mejora de los cultivos y la productividad, ofreciendo un enfoque práctico y sistemático que puede ser útil tanto para agricultores como para investigadores. El texto combina teoría y práctica, proporcionando una guía integral para el cultivo eficiente y sostenible de los agrios, contribuyendo así al desarrollo agropecuario en el contexto español de la época. | ||
| 653 | _aAgricultura | ||
| 653 | _aCultivo | ||
| 653 | _aFrutales | ||
| 942 |
_b2026/02/17 _cBK |
||
| 999 |
_c8681 _d8681 |
||